000 00220nam a22000857a 4500
008 170614b xxu||||| |||| 00| 0 eng d
100 _93406
_aSally V. K
245 _aScience lab manual - IX
260 _aNew Delhi
_bG. B. P
_c2010
999 _c6768
_d6768